000 00510nam a2200193 a 4500
001 1759293240089
003 YourLibrary
005 20251001111358.0
008 251001s2004##################000#0#eng##
020 _a9780199250592
082 0 4 _a161
_bFOS
100 1 _aFoster, John,
_eauthor.
245 1 0 _aThe Divine Lawmaker :
260 _bOxford University Press,
_c2004.
300 _a202 pages
650 0 _aLanguage Arts & Disciplines.
942 _cENGLISH
040 _aYourLibrary
_beng
_cYourLibrary
999 _c590330
_d590330